000 00924nmm a2200301 a 4500
003 AR-BaBNM
005 20251128202804.0
008 167019s1969 ||||||||||||||000 | spa||
040 _cAR-BaBNM
100 1 _aJusto, Liborio
245 1 0 _aA sangre y lanza
_bo el último combate del capitanejo Nehuen.Tragedia e infortunio de la Epopeya del Desierto
260 _aBuenos Aires
_bAnaconda
_c1969
300 0 _a531 p.
_bmapas, il., láms.
500 0 _aEl autor utiliza el seudónimo de Lobodon Garra.
650 4 _aCONQUISTA DEL DESIERTO
650 4 _aZANJA DE ALSINA
650 4 _aCONQUISTA DEL CHACO
650 4 _aPRISIONEROS
650 4 _aABORIGENES ARGENTINOS
650 4 _aCAMPANA DEL DESIERTO
650 4 _aHISTORIA MILITAR
650 4 _aHISTORIA POLITICA
650 4 _aHISTORIA SOCIAL
700 1 _aArancio, Juan
_eilustrador
700 1 _aCastro, Juan
_eilustrador
942 _cBK
998 _cmariana
999 _c583
_d583